000 00569nam a2200205Ia 4500
003 GCL
008 140319s9999 xx 000 0 ara d
040 _aGCL /
_cGCL
082 0 4 _a301.34
_bم ا
100 1 _aمحمد فتحى
245 1 0 _aامم جديدة /
_cمحمد فتحى
700 1 _aمير, لوسى
700 1 _aمحمد مرسى ابوالليل
300 _a280 ص
490 _aالالف كتاب
_v0
650 0 4 _aالمجتمع
650 0 4 _aالتغير الاجتماعى
650 0 4 _aالتكيف الاجتماعى
942 _2ddc
_cBK
999 _c42849
_d42849